| 000 | 01035nam a2200277Ia 4500 | ||
|---|---|---|---|
| 001 | Para_771 | ||
| 003 | CHAP | ||
| 008 | 220125s1993 xx 000 0 und d | ||
| 010 | _a199460 | ||
| 040 | _cCHAP | ||
| 090 | _aPA TESIS 743 | ||
| 100 |
_aMorgado Arroyo, Fredy _978773 |
||
| 245 |
_aIncidencia de enfermedades foliares de malezas en trigo (Tricticum sativum L.) y cebada (Hordeum vulgare L.) en dos sistemas de labranza en el Estado de Hidalgo,México / _c por Fredy Morgado Arroyo |
||
| 260 |
_aChapingo, Méx. : _b el autor |
||
| 300 | _a66 h. | ||
| 502 | _aTesis (Ing. Agr. Esp. en Parasitología Agrícola) -- UACh. Departamento Parasitología Agrícola | ||
| 650 |
_aTrigo _x enfermedades Trigo _x malas hierbas _xcontrol Cebada _x enfermedades _9164686 |
||
| 710 |
_aUACh. Departamento Parasitolgía Agrícola _9164687 |
||
| 901 | _aPA TESIS 743 | ||
| 902 | _aA | ||
| 905 | _a0000001993 0000000000 00 | ||
| 910 | _a1993 | ||
| 942 | _cPARA | ||
| 942 |
_cPARA _d1 |
||
| 999 |
_c199460 _d199460 |
||